LEADER 01452nam a2200253 i 4500 001 000000131336 003 CaOOAMICUS 005 20041115000000.0 008 041115s2001 it u000 u ita u 013 $a104208 040 $aSeMil$bita 110 2 $aInternational Federation of Library Associations and Institutions .$0(OLS)http://semarc/name/54278 245 10$aISBD (S) :$bInternational Standard Bibliographic Description for Serials /$cInternational Federation of Library Associations and Institutions ; edizione italiana a cura dell'Istituto centrale per il catalogo unico delle biblioteche italiane e per le informazioni bibliografiche. 250 $aRevised edition. 260 $aRoma :$bICCU,$c2001. 300 $a92 p. ;$c30 cm. 650 4$aBiblioteconomia - Standard ISBD .$0(OLS)http://semarc/subject/25888 650 4$aPeriodici - Catalogazione bibliografica.$0(OLS)http://semarc/subject/25890 710 2 $aIstituto centrale per il catalogo unico delle biblioteche italiane e per le informazioni bibliografiche.$0(OLS)http://semarc/name/281 850 $aSeMil 852 $aSeMil$W1$xVenegono$y1$m3Y V 7$j259407$B85315$CSeMilBibl$Z2$F88955 $81 961 $aAcquisto: Casa editrice 996 $6245$aISBD (S) :$bInternational Standard Bibliographic Description for Serials$9(OLS)http://semarc/title/193273 996 $6260$aRoma :$bICCU$9(OLS)http://semarc/publisher/29823 LEADER 00940nam a2200193 4500 001 000000339163 003 CaOOAMICUS 005 20200203095530.0 008 200203s1833 it 000 u ita r 040 $aSeMil$bita 245 00$a5: CAN-CEP. 264 1$aFirenze :$bPer V. Batelli e figli,$c1833. 300 $a603 p. ;$c24 cm 773 0 $tDizionario delle scienze naturali nel quale si tratta metodicamente dei differenti esseri della natura, ... accompagnato da una biografia de' pił celebri naturalisti, opera utile ai medici, agli agricoltori, ai mercanti, agli artisti, ai manifattori, ....$dFirenze : Per V. Batelli e figli, 1830-1851.$g5$w()339157 850 $aSeMil 852 $aSeMil$W1$xVenegono$y1$m3XB II 5 FA$j218344$B230282$CSeMilBibl$Z2$F230282 $8I 996 $6245$a5: CAN-CEP$9(OLS)http://semarc/title/427962 996 $6264$aFirenze :$bPer V. Batelli e figli$9(OLS)http://semarc/publisher/58818